Cliquez sur le bon Pokémon #02 - Statistiques

Statistiques générales
  • Ce quiz a été pris 110 fois
    6 depuis la dernière actualisation
  • Le résultat moyen est 14 sur 20
Statistiques - réponses
Hint Réponse % Correct
Pèse plus de 130 kg mais moins de 200 kg Monafl%C3%A8mit-RS.png
100%
Sa pré-évolution n'a pas les mêmes types mais était déjà de type Vol Braisillon-XY.png
83%
De type Feu pouvant gigamaxer Scolocendre-EB.png
83%
Partage un type en commun avec Camérupt et un autre type en commun avec Morpeko Yuyu-EV.png
83%
De type Fée et n'appartenant pas à l'une des deux premières générations Gu%C3%A9rilande-SL.png
83%
Possède une forme d'Alola Persian-RFVF.png
83%
De type Eau mais immunisé face aux attaques Électrik M%C3%A9ga-Laggron-ROSA.png
83%
Sa pré-évolution existait au moins deux générations avant lui Bouldeneu-DP.png
83%
Est uniquement de type Eau Mateloutre-NB.png
83%
De type Psy évoluant grâce à une Pierre Lune Munna-NB.png
83%
A une double faiblesse face aux attaques Glace Terracruel-EV.png
83%
De type Normal n'ayant ni évolution ni pré-évolution M%C3%A9tamorph-RFVF.png
83%
Est le seul représentant de son double type Munja-RS.png
67%
Possède neuf résistances différentes, dont une face au type Insecte Pondralugon-EV.png
67%
Espèce composée uniquement d'individus femelles Cresselia-DP.png
67%
Évolue au niveau 40 Grindur-NB.png
67%
Peut être acheté au casino de Céladopole dans Pokémon Jaune Grodoudou-RFVF.png
50%
De type Fée depuis la sixième génération et dont l'évolution finale se produit grâce à une Pierre Éclat Togepi-RFVF.png
50%
Est le numéro 62 dans le Pokédex de sa région Tartard-RFVF.png
33%
Pèse plus de 200 kg D%C3%A9manta-HGSS.png
17%
Aucun quiz correspondant
Distribution des résultats
% des personnes avec chaque résultat
Percentile par nombre de réponses
Votre historique - résultats
Vous n’avez pas pris ce quiz depuis la dernière actualisation